000 00732cam a2200217 4500
008 000000n2001 000 0 eng u
020 _a0860175588
035 _a(Sirsi) u112894
050 _a693.5
100 _aWrigley, R.G.
245 _aPermanent formwork in construction.
260 _aLondon
_bCIRIA
_c2001
300 _a174p. : ill. ; 30cm.
350 _a45.00
490 _aCIRIA Publication
_vC558
520 _aPublished jointly with the Concrete Society, the report describes the design, specification and practical use of permanent formwork in bridges, building and other civil engineering works.
650 _aBRIDGES
650 _aCONCRETE
690 _aBUILT ENVIRONMENT-BUILDING MATERIALS
942 _n0
999 _c101477
_d101477